Základy informačných sietí

Salvato in:
Dettagli Bibliografici
Autore principale: Schmidt, Peter, 1968-
Altri autori: Jurík, Pavol, 1987-, Pittner, Ján, Szedlák, Zoltán
Natura: Libro
Lingua:slovacco
Pubblicazione: Nové Zámky AZ PRINT 2017
Edizione:1. vyd.
Soggetti:
Tags: Aggiungi Tag
Nessun Tag, puoi essere il primo ad aggiungerne!!

MARC

LEADER 00000nam a2200000 4500
001 0231186
005 20240502073802.6
020 |a 978-80-88729-45-7 
041 0 |a slo 
044 |a SK 
245 1 0 |a Základy informačných sietí  |c Peter Schmidt ; recenzenti: Pavol Jurík, Ján Pittner, Zoltán Szedlák 
250 |a 1. vyd. 
264 1 |a Nové Zámky  |b AZ PRINT  |c 2017 
300 |a 115 s. [5,2 AH] 
610 2 0 |a počítače 
610 2 0 |a siete počítačové 
610 2 0 |a architektúra 
610 2 0 |a internet 
100 1 |a Schmidt, Peter, 1968- 
700 1 |a Jurík, Pavol, 1987- 
700 1 |a Pittner, Ján 
700 1 |a Szedlák, Zoltán